Most popular names starting with 'A' in NSW, Australia in 2010 Quiz Stats

 Plays Quiz not verified by Sporcle

Challenge
Share
Tweet
Embed
Score 0/74 Timer 12:00
0 Plays Today
Sex Name % Correct
MAli
92.4%
FAnna
89.4%
MAlex
85.8%
FAmy
82.8%
MAndrew
82%
MAndre
81.2%
FAda
79.6%
FAlice
78.7%
FAva
78.5%
MAlexander
77.7%
FAlexandra
77.4%
FAshley
75.7%
MAdam
73.8%
MAaron
73.8%
FAbigail
72.5%
FAnnie
71.9%
MAlan
70.6%
FAllison
70%
FAmelia
69.8%
FAlexis
68.4%
MAiden
67.8%
FAndrea
67.8%
FAlison
67.6%
MAdrian
67.3%
MAnthony
66.8%
FAlicia
66.8%
FAngel
64.3%
FAna
64.3%
FAbby
63.5%
MAidan
62.4%
FAnnabel
60.2%
MAndy
59.9%
FAmanda
59.1%
FAngela
58.3%
MAlbert
57.8%
FAmber
56.7%
MArthur
56.7%
Sex Name % Correct
MAshton
56.4%
FAlyssa
55.6%
FAimee
55.3%
FAnnabelle
55%
FAbbie
55%
FAudrey
54.8%
MAlfred
49.9%
FAshleigh
49.6%
FAdriana
49%
FAngelina
48.5%
FAshlee
48.2%
FApril
46.9%
MAyden
43.6%
MAntonio
43.1%
FAlisha
42.8%
FAlana
42.5%
FAbbey
42%
FAlexia
41.7%
FAmelie
40.3%
MAbraham
40.3%
FAdelaide
40.1%
MAustin
38.7%
FAaliyah
36.8%
MAlec
36.2%
MArchie
36%
FAntonia
32.2%
MAngelo
28.1%
FAnastasia
21.3%
MAngus
18.3%
FAlannah
18.3%
MAhmed
12.5%
FAnnika
11.7%
FAnnalise
10.9%
MAbdul
10.1%
FAlysha
8.4%
MAhmad
5.7%
FAleisha
4.9%

You're not logged in!

Compare scores with friends on all Sporcle quizzes.
OR
Log In

You Might Also Like...

Show Comments

Extras

Top Quizzes Today


Score Distribution

Your Account Isn't Verified!

In order to create a playlist on Sporcle, you need to verify the email address you used during registration. Go to your Sporcle Settings to finish the process.

Report this User

Report this user for behavior that violates our Community Guidelines.

Details: